Aatma Katha, Leka Satyashodhana (Record no. 18152)

MARC details
000 -LEADER
fixed length control field 00602nam a2200241 a 4500
020 ## - INTERNATIONAL STANDARD BOOK NUMBER
ISBN
082 00 - DEWEY DECIMAL CLASSIFICATION NUMBER
Classification number 923.2
Author Cutter MUR
100 ## - MAIN ENTRY--AUTHOR NAME
Author name Murthy, Radhakrishna
245 ## - TITLE STATEMENT
Title Aatma Katha, Leka Satyashodhana
260 ## - PUBLICATION, DISTRIBUTION, ETC. (IMPRINT)
Place of publication Ahmedabad
Name of publisher Navjivan Pub.House
Year of publication 1993
300 ## - PHYSICAL DESCRIPTION
Number of Pages 429p
500 ## - GENERAL NOTE
General note includes index and biblioraphy
505 2# - FORMATTED CONTENTS NOTE
Formatted contents note Appendices
650 ## - SUBJECT ADDED ENTRY--TOPICAL TERM
Topical Term Gandhi M K-Biography
942 ## - ADDED ENTRY ELEMENTS (KOHA)
Koha item type Books
700 1# -
-- Murthy, Radhakrishna
Holdings
Collection code Home library Current library Date acquired Cost, normal purchase price Full call number Accession Number Koha item type
  Henry Martyn Institute Library Henry Martyn Institute Library 06/06/2007 20.00 923.2 MUR 11000526 Books
                   Copyright © 2026 | Henry Martyn Institute | Hyderabad | TS-500052 | INDIA | Implemented by hmi.edu.in
Hit-Count:

Powered by Koha